[Event "Reykjavik op"]
[Site "Reykjavik"]
[Date "2024.03.20"]
[Round "8"]
[White "Dauner, Benedikt"]
[Black "Mardell, Jimmy"]
[Result "1-0"]
[WhiteElo "2366"]
[BlackElo "2172"]
[PlyCount "49"]
[EventDate "2024.03.15"]
[EventType "swiss"]
[EventRounds "9"]
[EventCountry "ISL"]
[SourceTitle "CB13_2024"]
[SourceDate "2024.03.27"]
[SourceVersion "1"]
[SourceVersionDate "2024.03.27"]
[SourceQuality "1"]

1. e4 c5 2. Na3 e6 3. Nf3 d5 4. exd5 exd5 5. d4 Nf6 6. Bb5+ Bd7 7. 0-0 c4 8. b3 Bxb5 9. Nxb5 a6 10. Re1+ Ne4 11. Nc3 Bb4 12. Nxe4 Bxe1 13. Neg5 Bb4 14. Ne5 0-0 15. Qh5 h6 16. Ngxf7 Qf6 17. Bg5 Qe6 18. Nxh6+ gxh6 19. Bxh6 Qf5 20. Qh4 Rf6 21. Qg3+ Rg6 22. Nxg6 Kh7 23. Ne7 Qf6 24. Nxd5 Qxd4 25. c3 1-0

[Event "Reykjavik op"]
[Site "Reykjavik"]
[Date "2024.03.18"]
[Round "5"]
[White "Mardell, Jimmy"]
[Black "Hermannsson, Sigurbjorn"]
[Result "1-0"]
[WhiteElo "2172"]
[BlackElo "1791"]
[PlyCount "127"]
[EventDate "2024.03.15"]
[EventType "swiss"]
[EventRounds "9"]
[EventCountry "ISL"]
[SourceTitle "CB13_2024"]
[SourceDate "2024.03.27"]
[SourceVersion "1"]
[SourceVersionDate "2024.03.27"]
[SourceQuality "1"]

1. d4 Nf6 2. c4 g6 3. Nc3 Bg7 4. e4 d6 5. f3 0-0 6. Be3 Nc6 7. Qd2 Re8 8. Nge2 e5 9. d5 Nb4 10. g4 c6 11. Ng3 cxd5 12. cxd5 Bd7 13. h4 Rf8 14. h5 Rc8 15. hxg6 fxg6 16. a3 Na6 17. Bxa6 bxa6 18. 0-0-0 Ba4 19. Rdf1 Rf7 20. Kb1 Bb3 21. g5 Ne8 22. Nge2 Rb7 23. Rf2 Rcb8 24. Nc1 Bc4 25. Nd3 Qa5 26. Nb4 Qc7 27. Qd1 Qa5 28. Qa4 Qxa4 29. Nxa4 Bb5 30. Nc3 a5 31. Nc6 Bxc6 32. dxc6 Rb3 33. Bxa7 Ra8 34. Be3 Nc7 35. Ka2 Rbb8 36. Rd1 Bf8 37. Nd5 Nxd5 38. exd5 a4 39. Rd3 Rb5 40. Rc2 Bg7 41. b4 axb3+ 42. Rxb3 Rbb8 43. Rxb8+ Rxb8 44. c7 Rc8 45. Ba7 Kf7 46. Bb8 h5 47. gxh6 Bxh6 48. a4 Be3 49. a5 Kf6 50. a6 Kf5 51. a7 Bxa7 52. Bxa7 Kf4 53. Rc3 e4 54. Be3+ Kxf3 55. Bc5+ Ke2 56. Bxd6 Kd2 57. Rg3 e3 58. Bf4 Kc2 59. Rxe3 g5 60. Bg3 Rf8 61. d6 Kd2 62. Rb3 Kc2 63. Rb8 Rf5 64. c8Q+ 1-0

[Event "Reykjavik op"]
[Site "Reykjavik"]
[Date "2024.03.18"]
[Round "6"]
[White "Stefansson, Vignir Vatnar"]
[Black "Mardell, Jimmy"]
[Result "0-1"]
[WhiteElo "2464"]
[BlackElo "2172"]
[PlyCount "114"]
[EventDate "2024.03.15"]
[EventType "swiss"]
[EventRounds "9"]
[EventCountry "ISL"]
[SourceTitle "CB13_2024"]
[SourceDate "2024.03.27"]
[SourceVersion "1"]
[SourceVersionDate "2024.03.27"]
[SourceQuality "1"]

1. Nf3 d5 2. c4 c6 3. g3 Nf6 4. Bg2 Bf5 5. b3 e6 6. Bb2 Be7 7. 0-0 0-0 8. d3 h6 9. Nbd2 Nbd7 10. Re1 Bh7 11. Qc2 a5 12. a3 Re8 13. Rad1 e5 14. cxd5 cxd5 15. Nxe5 Nxe5 16. Bxe5 Bxa3 17. Bd4 Rc8 18. Qa2 Bb4 19. Qb2 Rc6 20. Kf1 Qe7 21. e4 dxe4 22. dxe4 Qc7 23. Bxf6 Rxf6 24. Re2 Qd7 25. Rc1 Rd6 26. Nf3 Bxe4 27. Ne1 Bf5 28. Rxe8+ Qxe8 29. Nf3 b5 30. Kg1 Qd7 31. Qa1 Bc2 32. Bf1 Rd1 33. Rxd1 Qxd1 34. Qxd1 Bxd1 35. Nd4 a4 36. bxa4 bxa4 37. Bc4 Bc5 38. Nb5 Bb3 39. Bxb3 axb3 40. Nc3 Bd4 41. Nb1 f5 42. Kf1 Kf7 43. Ke2 Ke6 44. f3 g5 45. h3 h5 46. Nd2 b2 47. Kd3 Kd5 48. Kc2 Bf6 49. Kd3 Be5 50. g4 fxg4 51. fxg4 h4 52. Nb1 Bf4 53. Nc3+ Ke5 54. Ke2 Bc1 55. Nb1 Kf4 56. Kf2 Be3+ 57. Ke2 Bc5 0-1

[Event "Reykjavik op"]
[Site "Reykjavik"]
[Date "2024.03.17"]
[Round "4"]
[White "Hauksdottir, Hrund"]
[Black "Mardell, Jimmy"]
[Result "1/2-1/2"]
[WhiteElo "1859"]
[BlackElo "2172"]
[PlyCount "90"]
[EventDate "2024.03.15"]
[EventType "swiss"]
[EventRounds "9"]
[EventCountry "ISL"]
[SourceTitle "CB13_2024"]
[SourceDate "2024.03.27"]
[SourceVersion "1"]
[SourceVersionDate "2024.03.27"]
[SourceQuality "1"]

1. e4 c5 2. Nf3 e6 3. d4 cxd4 4. Nxd4 Nc6 5. c4 Nf6 6. Nc3 Bb4 7. Nxc6 bxc6 8. Bd3 e5 9. 0-0 0-0 10. Be3 Bxc3 11. bxc3 d6 12. Qa4 c5 13. f3 Qc7 14. Rab1 Nd7 15. Rfd1 Nb6 16. Qb5 Rb8 17. Qa5 Be6 18. Qa6 Rfd8 19. Rb3 Qb7 20. Qa5 Qd7 21. Qa6 Qa4 22. Qxa4 Nxa4 23. Rdb1 Nb6 24. Bf2 Kf8 25. a4 Nd7 26. Rb7 a6 27. g3 Rxb7 28. Rxb7 Nb8 29. f4 f6 30. Be2 Bd7 31. Bd1 Bc6 32. Rb6 Bxe4 33. a5 Bd3 34. Bb3 e4 35. f5 h5 36. Be3 Ke7 37. Bf4 e3 38. Bxe3 Bxf5 39. h4 Be4 40. Bf4 g6 41. Kf2 Nc6 42. Ke3 Bg2 43. Rxa6 Rb8 44. Bc2 f5 45. Ba4 Rc8 1/2-1/2

[Event "Norrkoeping Easter op"]
[Site "Norrkoeping"]
[Date "2022.04.16"]
[Round "5"]
[White "Mardell, Jimmy"]
[Black "Lindberg, Bengt"]
[Result "0-1"]
[WhiteElo "2147"]
[BlackElo "2365"]
[PlyCount "79"]
[EventDate "2022.04.15"]
[EventType "swiss"]
[EventRounds "8"]
[EventCountry "SWE"]
[SourceTitle "CBM 207 Extra"]
[Source "ChessBase"]
[SourceDate "2022.05.31"]
[SourceVersion "1"]
[SourceVersionDate "2022.05.31"]
[SourceQuality "1"]

1. d4 Nf6 2. c4 e6 3. Nc3 Bb4 4. e3 0-0 5. Bd3 d5 6. Nge2 c5 7. cxd5 cxd4 8. exd4 Nxd5 9. 0-0 Nc6 10. Nxd5 exd5 11. Nf4 g6 12. Be3 Ne7 13. Qf3 Qd6 14. Rac1 Rd8 15. Bb1 Ba5 16. h4 Bb6 17. h5 Bf5 18. Ne2 Bxb1 19. Rxb1 Nf5 20. Bf4 Qe7 21. Rfe1 Qb4 22. Be5 Qf8 23. Rbd1 f6 24. Bf4 Qf7 25. g4 Ng7 26. hxg6 hxg6 27. Nc3 Rac8 28. Kg2 Ne6 29. Nb5 Rc6 30. Rh1 a6 31. Nc3 Bxd4 32. Be3 Bxc3 33. bxc3 Rxc3 34. Rc1 Rdc8 35. Qe2 d4 36. Bd2 Rxc1 37. Rxc1 Rxc1 38. Bxc1 Qd7 39. f3 Kf7 40. Bb2 0-1

[Event "SWE-chT 1920 Superettan"]
[Site "Sweden"]
[Date "2020.10.17"]
[Round "8"]
[White "Mardell, Jimmy"]
[Black "Granath, Jonas"]
[Result "0-1"]
[WhiteElo "2147"]
[BlackElo "1760"]
[PlyCount "60"]
[EventDate "2019.10.18"]
[EventType "team-tourn"]
[EventRounds "9"]
[EventCountry "SWE"]
[SourceTitle "EXT 2023"]
[Source "ChessBase"]
[SourceDate "2022.10.05"]
[SourceVersion "1"]
[SourceVersionDate "2022.10.05"]
[SourceQuality "1"]
[WhiteTeam "Umea Rockaden"]
[BlackTeam "Vasteras II"]
[WhiteTeamCountry "SWE"]
[BlackTeamCountry "SWE"]

1. d4 d5 2. c4 e5 3. dxe5 d4 4. Nf3 Nc6 5. a3 Nge7 6. b4 Ng6 7. Bb2 a5 8. b5 Ncxe5 9. Bxd4 Nxc4 10. e3 Be6 11. Nbd2 Nd6 12. a4 Nf5 13. Bc3 Be7 14. Bc4 Bf6 15. Bxe6 fxe6 16. Qc2 0-0 17. 0-0 Nfh4 18. Rac1 Qd5 19. Qe4 Qh5 20. Nxh4 Nxh4 21. Qxe6+ Kh8 22. Qh3 Rad8 23. Bxa5 Be5 24. Rc4 g5 25. f4 Qe2 26. fxe5 Rxf1+ 27. Nxf1 Qxc4 28. g3 Nf3+ 29. Kh1 g4 30. Qg2 Rd1 0-1

[Event "SWE-chT 1920 Superettan"]
[Site "Sweden"]
[Date "2020.01.11"]
[Round "4"]
[White "Mardell, Jimmy"]
[Black "Nikolic, Vladan"]
[Result "1-0"]
[WhiteElo "2147"]
[BlackElo "2198"]
[PlyCount "67"]
[EventDate "2019.10.18"]
[EventType "team-tourn"]
[EventRounds "9"]
[EventCountry "SWE"]
[SourceTitle "EXT 2023"]
[Source "ChessBase"]
[SourceDate "2022.10.05"]
[SourceVersion "1"]
[SourceVersionDate "2022.10.05"]
[SourceQuality "1"]
[WhiteTeam "Umea Rockaden"]
[BlackTeam "Stockholm Rockaden II"]
[WhiteTeamCountry "SWE"]
[BlackTeamCountry "SWE"]

1. e4 e5 2. Nf3 Nc6 3. Bc4 Bc5 4. c3 Nf6 5. d3 0-0 6. 0-0 d5 7. exd5 Nxd5 8. Re1 Bg4 9. Nbd2 Nb6 10. Ne4 Bd6 11. Bb3 Kh8 12. Ng3 f5 13. h3 e4 14. hxg4 exf3 15. Qxf3 Ne5 16. Rxe5 Bxe5 17. Nxf5 g6 18. Qe3 Bf6 19. Nh6 Qd7 20. Be6 Qe7 21. Bd2 Rae8 22. Re1 Qd6 23. g5 Bg7 24. Qh3 Re7 25. Re4 Rfe8 26. Bf4 Qxf4 27. Rxf4 Rxe6 28. Re4 Rxe4 29. dxe4 Rxe4 30. Qf3 Re1+ 31. Kh2 Re7 32. Qxb7 Re8 33. Qc6 Re2 34. f4 1-0

[Event "Helsingor Xtracon op"]
[Site "Helsingor"]
[Date "2019.07.24"]
[Round "6"]
[White "Taksrud, Vidar"]
[Black "Mardell, Jimmy"]
[Result "0-1"]
[WhiteElo "1942"]
[BlackElo "2134"]
[PlyCount "92"]
[EventDate "2019.07.20"]
[EventType "swiss"]
[EventRounds "10"]
[EventCountry "DEN"]
[SourceTitle "CBM 191 Extra"]
[Source "ChessBase"]
[SourceDate "2019.09.30"]
[SourceVersion "1"]
[SourceVersionDate "2019.09.30"]
[SourceQuality "1"]

1. d4 Nf6 2. Nf3 e6 3. g3 d5 4. c4 Be7 5. Bg2 0-0 6. 0-0 b6 7. Nc3 Bb7 8. Ne5 c6 9. e4 dxc4 10. Nxc4 b5 11. Ne3 a6 12. e5 Nd5 13. Ne4 Nd7 14. Qh5 c5 15. Nxd5 Bxd5 16. Ng5 h6 17. Bxd5 exd5 18. Nh3 cxd4 19. Re1 Rc8 20. Qg4 Kh8 21. Qxd4 Nc5 22. Nf4 Ne6 23. Nxe6 fxe6 24. Qg4 Bc5 25. Re2 Qb6 26. Qg6 Rxf2 27. Rxf2 Bxf2+ 28. Kg2 Be3 29. Bxe3 Qxe3 30. Qxe6 Qe2+ 31. Kg1 Rc2 32. Qh3 Qf2+ 33. Kh1 Qf3+ 34. Kg1 Qf2+ 35. Kh1 Qf3+ 36. Kg1 Qe3+ 37. Kh1 Qe4+ 38. Kg1 Qe3+ 39. Kh1 Qxe5 40. Qf1 Qe4+ 41. Kg1 Re2 42. a4 b4 43. a5 d4 44. Rd1 d3 45. Qf8+ Kh7 46. Qf4 Qg2# 0-1

[Event "Helsingor Xtracon op"]
[Site "Helsingor"]
[Date "2019.07.23"]
[Round "5"]
[White "Mardell, Jimmy"]
[Black "Skovgaard, Tom"]
[Result "1-0"]
[WhiteElo "2134"]
[BlackElo "1954"]
[PlyCount "87"]
[EventDate "2019.07.20"]
[EventType "swiss"]
[EventRounds "10"]
[EventCountry "DEN"]
[SourceTitle "CBM 191 Extra"]
[Source "ChessBase"]
[SourceDate "2019.09.30"]
[SourceVersion "1"]
[SourceVersionDate "2019.09.30"]
[SourceQuality "1"]

1. e4 d6 2. d4 Nf6 3. Nc3 e5 4. Nf3 Nbd7 5. Bc4 Be7 6. Ng5 0-0 7. Bxf7+ Rxf7 8. Ne6 Qe8 9. Nxc7 Qd8 10. Nxa8 b5 11. dxe5 Nxe5 12. Nd5 Nxd5 13. Qxd5 Qd7 14. a4 Bb7 15. Qxb5 Bxa8 16. Qxd7 Nxd7 17. f3 d5 18. exd5 Bxd5 19. 0-0 Bc5+ 20. Kh1 Ne5 21. h3 h5 22. Bg5 Rf5 23. h4 Nf7 24. Bd2 Bc4 25. Rfe1 Nd6 26. Be3 Bxe3 27. Rxe3 Rf4 28. b3 Rxh4+ 29. Kg1 Bf7 30. Rd1 Nf5 31. Re4 Rxe4 32. fxe4 Ng3 33. Rd8+ Kh7 34. Rd7 Bg6 35. Rxa7 Ne2+ 36. Kf2 Nd4 37. Rc7 Ne6 38. Rc4 Ng5 39. Ke3 Bf7 40. Rc7 Be6 41. a5 Bg4 42. a6 Ne6 43. Rc6 Nd8 44. a7 1-0

[Event "Helsingor Xtracon op"]
[Site "Helsingor"]
[Date "2019.07.22"]
[Round "4"]
[White "Sevian, Samuel"]
[Black "Mardell, Jimmy"]
[Result "1-0"]
[WhiteElo "2667"]
[BlackElo "2134"]
[PlyCount "65"]
[EventDate "2019.07.20"]
[EventType "swiss"]
[EventRounds "10"]
[EventCountry "DEN"]
[SourceTitle "CBM 191 Extra"]
[Source "ChessBase"]
[SourceDate "2019.09.30"]
[SourceVersion "1"]
[SourceVersionDate "2019.09.30"]
[SourceQuality "1"]

1. e4 e6 2. d4 d5 3. Nc3 Nf6 4. e5 Nfd7 5. Nce2 c5 6. c3 Nc6 7. f4 cxd4 8. cxd4 Bb4+ 9. Bd2 Qa5 10. Nf3 0-0 11. Nc3 f6 12. a3 Bxc3 13. Bxc3 Qd8 14. Bd3 f5 15. Rg1 Re8 16. h4 h5 17. Ng5 g6 18. g4 hxg4 19. h5 Qb6 20. Bc2 gxh5 21. Rh1 Kf8 22. Rxh5 Ke7 23. Nxe6 Ndxe5 24. Rh7+ Nf7 25. Ng7 Bd7 26. Nxe8 Rxe8 27. Kf2 Rh8 28. Rxh8 Nxh8 29. Qh1 Nxd4 30. Bb4+ Kf7 31. Qh7+ Kf6 32. Qxh8+ Kf7 33. Qh7+ 1-0

[Event "Helsingor Xtracon op"]
[Site "Helsingor"]
[Date "2019.07.21"]
[Round "2"]
[White "Christiansen, Johan Sebastian"]
[Black "Mardell, Jimmy"]
[Result "1-0"]
[WhiteElo "2548"]
[BlackElo "2134"]
[PlyCount "49"]
[EventDate "2019.07.20"]
[EventType "swiss"]
[EventRounds "10"]
[EventCountry "DEN"]
[SourceTitle "CBM 191 Extra"]
[Source "ChessBase"]
[SourceDate "2019.09.30"]
[SourceVersion "1"]
[SourceVersionDate "2019.09.30"]
[SourceQuality "1"]

1. e4 c5 2. Nf3 d6 3. Nc3 Nf6 4. d4 cxd4 5. Nxd4 g6 6. Be3 Bg7 7. f3 0-0 8. Qd2 Nc6 9. 0-0-0 d5 10. exd5 Nxd5 11. Nxc6 bxc6 12. Bd4 Bxd4 13. Qxd4 Qb6 14. Na4 Qc7 15. Bc4 e5 16. Qc5 Nf4 17. Rd6 Nxg2 18. Qxe5 Qb7 19. Qg5 Qb4 20. Rxg6+ hxg6 21. Qxg6+ Kh8 22. Qh6+ Kg8 23. Rg1 Qe1+ 24. Rxe1 Nxe1 25. Nc5 1-0

[Event "SWE-chT 1819 Elite"]
[Site "Sweden"]
[Date "2018.11.09"]
[Round "1.2"]
[White "Mardell, Jimmy"]
[Black "De Verdier, Michael Carl Adam"]
[Result "1/2-1/2"]
[WhiteElo "2139"]
[BlackElo "2277"]
[PlyCount "72"]
[EventDate "2018.11.09"]
[EventType "team-tourn"]
[EventRounds "9"]
[EventCountry "SWE"]
[SourceTitle "CBM 189 Extra"]
[Source "ChessBase"]
[SourceDate "2019.06.03"]
[SourceVersion "1"]
[SourceVersionDate "2019.06.03"]
[SourceQuality "1"]
[WhiteTeam "Umea Rockaden"]
[BlackTeam "Eksjo"]
[WhiteTeamCountry "SWE"]
[BlackTeamCountry "SWE"]

1. e4 e6 2. d4 d5 3. Nc3 Nf6 4. e5 Nfd7 5. f4 c5 6. Nf3 Qb6 7. Na4 Qa5+ 8. c3 cxd4 9. b4 Qc7 10. Nxd4 a6 11. Bd2 Nc6 12. Bd3 b5 13. Nb2 Nxd4 14. cxd4 Nb6 15. Be2 Nc4 16. Nd3 a5 17. bxa5 Bd7 18. Kf2 Be7 19. Bb4 Bxb4 20. Nxb4 Qxa5 21. Nd3 Qc3 22. Nc5 Qe3+ 23. Ke1 Qc3+ 24. Kf2 Nb2 25. Qb3 Qxd4+ 26. Qe3 Qxe3+ 27. Kxe3 Nc4+ 28. Kd4 Bc6 29. Rhc1 0-0 30. g4 Rfe8 31. g5 Ra3 32. Rc3 Rea8 33. Rxa3 Rxa3 34. Nb3 Ra8 35. Kc5 Be8 36. Nd4 Na3 1/2-1/2

[Event "Norrkoeping Easter op"]
[Site "Norrkoeping"]
[Date "2018.03.31"]
[Round "5"]
[White "Renman, Nils Gustaf"]
[Black "Mardell, Jimmy"]
[Result "0-1"]
[WhiteElo "2346"]
[BlackElo "2143"]
[PlyCount "56"]
[EventDate "2018.03.30"]
[EventType "swiss"]
[EventRounds "9"]
[EventCountry "SWE"]
[SourceTitle "CBM 183 Extra"]
[Source "ChessBase"]
[SourceDate "2018.04.19"]
[SourceVersion "1"]
[SourceVersionDate "2018.04.19"]
[SourceQuality "1"]

1. d4 Nf6 2. Nf3 e6 3. c4 c5 4. d5 exd5 5. cxd5 d6 6. Nc3 g6 7. e4 Bg7 8. Nd2 Nbd7 9. Be2 0-0 10. 0-0 a6 11. a4 Re8 12. Qc2 Ne5 13. Ra3 g5 14. Re1 Rb8 15. Nf1 h6 16. Ng3 Qc7 17. b3 Ng6 18. Bd2 Bd7 19. a5 Ng4 20. h3 N4e5 21. Nh5 Bh8 22. Nd1 Qc8 23. Ne3 Bxh3 24. gxh3 Qxh3 25. Nf5 g4 26. Nxh6+ Kf8 27. Nxg4 Nh4 28. Bh6+ Kg8 0-1

[Event "SWE-chT 1718 Superettan"]
[Site "Sweden"]
[Date "2018.03.18"]
[Round "9.1"]
[White "Wessman, Richard"]
[Black "Mardell, Jimmy"]
[Result "1/2-1/2"]
[WhiteElo "2424"]
[BlackElo "2130"]
[PlyCount "83"]
[EventDate "2017.10.20"]
[EventType "team-tourn"]
[EventRounds "9"]
[EventCountry "SWE"]
[SourceTitle "EXT 2019"]
[Source "ChessBase"]
[SourceDate "2018.10.10"]
[SourceVersion "1"]
[SourceVersionDate "2018.10.10"]
[SourceQuality "1"]
[WhiteTeam "Wasa"]
[BlackTeam "Umea Rockaden"]
[WhiteTeamCountry "SWE"]
[BlackTeamCountry "SWE"]

1. d4 Nf6 2. Nf3 e6 3. g3 b6 4. Bg2 Bb7 5. 0-0 Be7 6. c4 0-0 7. d5 exd5 8. Nh4 d6 9. cxd5 Nbd7 10. Nf5 Re8 11. Nc3 Bf8 12. e4 Nc5 13. Re1 a5 14. f3 Ba6 15. Bf1 Qc8 16. Bb5 Bxb5 17. Nxb5 Re5 18. g4 Qd7 19. Nbd4 g6 20. Ng3 Bg7 21. Nc6 Ree8 22. Kg2 Qc8 23. Be3 Nfd7 24. Bd4 Ne5 25. Nxe5 Bxe5 26. Bxe5 dxe5 27. Qd2 Kg7 28. h4 Qd8 29. Rad1 Qf6 30. g5 Qd6 31. h5 Rad8 32. Qc3 f6 33. Qe3 Qe7 34. gxf6+ Qxf6 35. Rh1 Qf4 36. Qxf4 exf4 37. Ne2 g5 38. Nd4 Rg8 39. Rc1 g4 40. Nb3 Nd3 41. Rxc7+ Kf6 42. Rc6+ 1/2-1/2

[Event "SWE-chT 1718 Superettan"]
[Site "Sweden"]
[Date "2018.03.17"]
[Round "8"]
[White "Olsson, William"]
[Black "Mardell, Jimmy"]
[Result "1/2-1/2"]
[WhiteElo "2069"]
[BlackElo "2130"]
[PlyCount "176"]
[EventDate "2017.10.20"]
[EventType "team-tourn"]
[EventRounds "9"]
[EventCountry "SWE"]
[SourceTitle "EXT 2019"]
[Source "ChessBase"]
[SourceDate "2018.10.10"]
[SourceVersion "1"]
[SourceVersionDate "2018.10.10"]
[SourceQuality "1"]
[WhiteTeam "Orgryte"]
[BlackTeam "Umea Rockaden"]
[WhiteTeamCountry "SWE"]
[BlackTeamCountry "SWE"]

1. d4 Nf6 2. Nf3 e6 3. Bf4 c5 4. e3 Nc6 5. Bd3 d5 6. c3 Be7 7. Nbd2 Nh5 8. Bg3 Bd7 9. Ne5 Nxg3 10. Nxc6 Bxc6 11. hxg3 cxd4 12. exd4 Qb6 13. Qc2 h6 14. Nf3 Bb5 15. Rd1 Rc8 16. Qe2 Bxd3 17. Rxd3 Qa5 18. a3 b5 19. Ne5 Bf6 20. Ng4 Be7 21. Qe5 Rg8 22. 0-0 Qc7 23. Qe2 a6 24. Re1 Bd6 25. Rf3 h5 26. Ne3 Kf8 27. Nf1 Re8 28. Rf5 g6 29. Rf3 Kg7 30. Nd2 e5 31. dxe5 Rxe5 32. Re3 Rge8 33. Qd3 Bc5 34. Rxe5 Rxe5 35. Rxe5 Qxe5 36. Nf1 d4 37. b4 Bb6 38. c4 bxc4 39. Qxc4 Qd6 40. Qd3 a5 41. bxa5 Bxa5 42. Ne3 Bc3 43. Nc2 Qb6 44. Kf1 Qc5 45. Ke2 Qe5+ 46. Kf1 Qc5 47. f4 Qd6 48. Ke2 h4 49. gxh4 Qxf4 50. g3 Qg4+ 51. Kf2 f5 52. Nb4 Qe4 53. Qxe4 fxe4 54. Nd5 Ba5 55. g4 Bd8 56. g5 Kf7 57. Nf4 Bb6 58. Nd5 Bc5 59. Ke2 Bxa3 60. Nf6 d3+ 61. Kd2 Bb4+ 62. Ke3 d2 63. Ke2 e3 64. Nd5 Bc5 65. Nf4 Bd4 66. Kd1 Be5 67. Nd5 Ke6 68. Nxe3 Bc3 69. Kc2 Bb4 70. Nc4 Kf5 71. Nxd2 Kg4 72. Ne4 Kxh4 73. Kd3 Be7 74. Ke3 Bxg5+ 75. Kf3 Bd8 76. Kf4 Bc7+ 77. Kf3 Bb8 78. Kg2 Kg4 79. Nc5 Kf5 80. Nd3 g5 81. Nf2 Ba7 82. Nh3 g4 83. Nf2 Bxf2 84. Kxf2 Kf4 85. Kg2 g3 86. Kg1 Kf3 87. Kf1 g2+ 88. Kg1 Kg3 1/2-1/2

[Event "SWE-chT 1718 Superettan"]
[Site "Sweden"]
[Date "2018.03.16"]
[Round "7.1"]
[White "Storme, Isak"]
[Black "Mardell, Jimmy"]
[Result "1-0"]
[WhiteElo "2144"]
[BlackElo "2130"]
[PlyCount "65"]
[EventDate "2017.10.20"]
[EventType "team-tourn"]
[EventRounds "9"]
[EventCountry "SWE"]
[SourceTitle "EXT 2019"]
[Source "ChessBase"]
[SourceDate "2018.10.10"]
[SourceVersion "1"]
[SourceVersionDate "2018.10.10"]
[SourceQuality "1"]
[WhiteTeam "Manhem"]
[BlackTeam "Umea Rockaden"]
[WhiteTeamCountry "SWE"]
[BlackTeamCountry "SWE"]

1. e4 c5 2. Nf3 d6 3. d4 cxd4 4. Nxd4 Nf6 5. Nc3 g6 6. Be3 Bg7 7. f3 0-0 8. Qd2 Nc6 9. Bc4 Bd7 10. 0-0-0 Rb8 11. Bb3 Na5 12. h4 b5 13. h5 Nc4 14. Bxc4 bxc4 15. Kb1 Nxh5 16. g4 Nf6 17. Bh6 Qb6 18. b3 cxb3 19. cxb3 Bh8 20. g5 Nh5 21. Nd5 Qd8 22. Rxh5 gxh5 23. Rg1 Bg7 24. Nf6+ Kh8 25. Bxg7+ Kxg7 26. Nxh5+ Kh8 27. Rh1 Rg8 28. Qh2 Rg6 29. Nf5 Bxf5 30. exf5 Rxg5 31. Nf6 Rg1+ 32. Rxg1 exf6 33. Qh6 1-0

[Event "SWE-chT 1718 Superettan"]
[Site "Sweden"]
[Date "2017.10.22"]
[Round "3"]
[White "Ottenklev, Niclas"]
[Black "Mardell, Jimmy"]
[Result "0-1"]
[WhiteElo "2173"]
[BlackElo "2130"]
[PlyCount "128"]
[EventDate "2017.10.20"]
[EventType "team-tourn"]
[EventRounds "9"]
[EventCountry "SWE"]
[SourceTitle "EXT 2019"]
[Source "ChessBase"]
[SourceDate "2018.10.10"]
[SourceVersion "1"]
[SourceVersionDate "2018.10.10"]
[SourceQuality "1"]
[WhiteTeam "Norrkoping Schack 08"]
[BlackTeam "Umea Rockaden"]
[WhiteTeamCountry "SWE"]
[BlackTeamCountry "SWE"]

1. e4 c5 2. Nf3 d6 3. d4 cxd4 4. Qxd4 Nc6 5. Bb5 Bd7 6. Bxc6 Bxc6 7. Nc3 Nf6 8. Bg5 e6 9. 0-0-0 Be7 10. Qd3 Qa5 11. h4 0-0 12. Nd4 Rac8 13. f4 Rfe8 14. h5 h6 15. Bh4 b5 16. e5 dxe5 17. fxe5 Nd5 18. Nxc6 Rxc6 19. Nxd5 Bxh4 20. Rxh4 exd5 21. Qxd5 Rec8 22. e6 fxe6 23. Qb3 Rxc2+ 24. Kb1 R2c6 25. Re4 Qd2 26. a3 Qxg2 27. Rde1 Qc2+ 28. Qxc2 Rxc2 29. Rxe6 R2c5 30. Rh1 Kf7 31. Re3 Rf5 32. Rh2 Rcc5 33. Reh3 a5 34. Ka2 Rce5 35. Kb3 Re4 36. Rc3 Ref4 37. Rc7+ Kf6 38. Rc6+ Kf7 39. Rc7+ Kf6 40. Rc6+ Ke5 41. Ka2 Rg5 42. Rc3 Rff5 43. Rch3 a4 44. b3 Rf4 45. bxa4 bxa4 46. Rb2 Kf5 47. Rbh2 Rgg4 48. Kb2 Kg5 49. Rc3 Rg1 50. Rc6 Kf5 51. Rd6 Rg3 52. Rc6 Rff3 53. Rc5+ Ke6 54. Rc4 Rb3+ 55. Kc2 Rxa3 56. Rhh4 Rg2+ 57. Kb1 Re3 58. Rhe4+ Rxe4 59. Rxe4+ Kf5 60. Rxa4 Kg5 61. Ra5+ Kh4 62. Kc1 Rg5 63. Ra4+ Kxh5 64. Kd2 Re5 0-1

[Event "SWE-chT 1718 Superettan"]
[Site "Sweden"]
[Date "2017.10.21"]
[Round "2"]
[White "Lekander, Rolf Ake"]
[Black "Mardell, Jimmy"]
[Result "1/2-1/2"]
[WhiteElo "2166"]
[BlackElo "2130"]
[PlyCount "51"]
[EventDate "2017.10.20"]
[EventType "team-tourn"]
[EventRounds "9"]
[EventCountry "SWE"]
[SourceTitle "EXT 2019"]
[Source "ChessBase"]
[SourceDate "2018.10.10"]
[SourceVersion "1"]
[SourceVersionDate "2018.10.10"]
[SourceQuality "1"]
[WhiteTeam "Vaxjo"]
[BlackTeam "Umea Rockaden"]
[WhiteTeamCountry "SWE"]
[BlackTeamCountry "SWE"]

1. c4 e5 2. g3 Nf6 3. Bg2 d5 4. cxd5 Nxd5 5. Nc3 Nb6 6. d3 Be7 7. Be3 0-0 8. Rc1 Re8 9. Nf3 Nc6 10. 0-0 Be6 11. Nd2 Nd5 12. Nxd5 Bxd5 13. Bxd5 Qxd5 14. Qb3 Qxb3 15. Nxb3 Rad8 16. Rc4 Rd7 17. Rfc1 Rc8 18. h4 a6 19. Bc5 Nd8 20. Bxe7 Rxe7 21. Nc5 c6 22. b4 Ne6 23. a4 Rd8 24. Kf1 Kf8 25. Rb1 Rd5 26. Nxe6+ 1/2-1/2

[Event "SWE-chT 1617"]
[Site "Sweden"]
[Date "2017.03.25"]
[Round "8.3"]
[White "Akvist, Hakan"]
[Black "Mardell, Jimmy"]
[Result "0-1"]
[WhiteElo "2114"]
[BlackElo "2146"]
[PlyCount "80"]
[EventDate "2016.10.14"]
[EventType "team-tourn"]
[EventRounds "9"]
[EventCountry "SWE"]
[SourceTitle "CBM 177 Extra"]
[Source "ChessBase"]
[SourceDate "2017.04.27"]
[SourceVersion "1"]
[SourceVersionDate "2017.04.27"]
[SourceQuality "1"]
[WhiteTeam "Eksjo"]
[BlackTeam "Umea Rockaden"]
[WhiteTeamCountry "SWE"]
[BlackTeamCountry "SWE"]

1. d4 Nf6 2. c4 c5 3. d5 b5 4. cxb5 a6 5. bxa6 g6 6. Nc3 Bg7 7. e4 0-0 8. Nf3 Qa5 9. Nd2 Bxa6 10. Bxa6 Qxa6 11. Qe2 e6 12. Qxa6 Nxa6 13. 0-0 exd5 14. exd5 Nb4 15. d6 Rfe8 16. Nc4 Ne4 17. Nxe4 Rxe4 18. Nb6 Ra7 19. Bd2 Bxb2 20. Rae1 Re6 21. Nc4 Rxa2 22. Rxe6 fxe6 23. g3 Bd4 24. Be3 e5 25. Bxd4 exd4 26. Re1 d3 27. Rd1 Kf7 28. Ne5+ Ke6 29. Nxd3 Nxd3 30. Rxd3 c4 31. Rd1 Ra6 32. Kg2 Rxd6 33. Rc1 Rc6 34. Kf3 d5 35. Ke3 Ra6 36. Rc3 Ra2 37. h4 Kd6 38. f3 Kc5 39. Rc1 d4+ 40. Ke4 Re2+ 0-1